000 00924nam a2200277 i 4500
001 000015399
003 DO-SdBNP
005 20240229073950.0
007 ta
008 100208s2008 dr ac 001 0 spa d
040 _aDO-SdBNP
_bspa
_cBNPHU
_erda
082 4 _a708.97293
_bP153
_222
245 1 3 _aPalacio de Bellas Artes :
_bpatrimonio del pueblo dominicano
264 _aSanto Domingo :
_bSecretaría de Estado de Cultura,
_c2008.
300 _a12 paginas :
_bilustraciones
_c29 cm.
336 _2rdaconten.
_atexto
_btxt
337 _2rdamedia
_asin mediación
_bn
338 _2rdacarrier
_avolumen
_bnc
590 _aInventariado, 2023 / DG
650 4 _aArtes
_zRepública Dominicana
_934781
650 4 _aSanto Domingo, República Dominicana
_xGalerias y museos
_934782
650 4 _aPalacios
_zRepública Dominicana
_934783
700 1 _aLantigua, José Rafael,
_d1949-
_91438
910 _aDG
942 _2ddc
_cLF2
999 _c53309
_d53309